Okekel - Zwolnij? (deluxe) - Statystyki

Ogólne statystyki
  • Ten quiz został rozwiązany 109 razy
  • Średni wynik to 18 z 23
Statystyki odpowiedzi
Zwolnij? (deluxe) % Poprawnych
MVP
93%
Zwolnij?
93%
Bez pokoju
89%
MOWALOLA
86%
Nigdy
86%
Poczeka
86%
Zwiędła róża
86%
9 Żyć
82%
50 koła
79%
Kocham Cię
79%
Ojcze nasz na szyi
79%
Sam
79%
Jurij Gagarin
75%
Rzeczywistość
75%
Z braćmi
75%
Jestem
71%
Kodak
71%
Szara Prawda
71%
Żale
71%
Kłamca
68%
Mini Man
68%
Nie chcę umierać
61%
Równe Zero
57%
Nie znaleziono quizów pasujących do podanych kryteriów
Rozkład punktacji
Procent ludzi z każdym wynikiem
Percentyl według liczby udzielonych odpowiedzi
Twoja historia wyników
Nie rozwiązałeś tego quizu